000 00246nam a2200097Ia 4500
001 679683
005 20250826161100.0
008 250824s9999 xx 000 0 und d
245 0 _aDÜŞLER SİRKİ
_cANGELA MANNETTI
260 _bGÜNIŞIĞI YAYINLARI
999 _c679683
_d679683